[Event "Pardubice Region-chT 2223"]
[Site "Czech Republic"]
[Date "2023.04.02"]
[Round "11.8"]
[White "Trunec, Tomas"]
[Black "Smola, Jan"]
[Result "0-1"]
[WhiteElo "1100"]
[BlackElo "1731"]
[PlyCount "100"]
[EventDate "2022.10.09"]
[EventType "team-tourn"]
[EventRounds "11"]
[EventCountry "CZE"]
[SourceTitle "EXT 2024"]
[Source "ChessBase"]
[SourceDate "2023.10.10"]
[SourceVersion "1"]
[SourceVersionDate "2023.10.10"]
[SourceQuality "1"]

1. e4 d5 2. exd5 Qxd5 3. Nc3 Qa5 4. d4 c6 5. Nf3 Bg4 6. h3 Bh5 7. g4 Bg6 8. Bc4 e6 9. Bd2 Qc7 10. Ne5 Nd7 11. Nxg6 hxg6 12. Qf3 Nb6 13. Bb3 0-0-0 14. 0-0-0 Nf6 15. Bf4 Bd6 16. Bxd6 Rxd6 17. Ne2 Rhd8 18. g5 Ne8 19. c4 R6d7 20. a4 Kb8 21. a5 Nc8 22. Qc3 Ned6 23. Bc2 Ne7 24. Rd2 Ndf5 25. Rhd1 b6 26. b4 bxa5 27. bxa5 Ka8 28. Be4 Nd6 29. Bh1 a6 30. Rc2 Ka7 31. d5 cxd5 32. Qd4+ Kb8 33. cxd5 Qxa5 34. dxe6 Rc7 35. Rxc7 Qxc7+ 36. Nc3 fxe6 37. Rd2 Nd5 38. Rb2+ Nb5 39. Bxd5 Rxd5 40. Qb4 Rc5 41. Rb3 Rxc3+ 42. Rxc3 Qxc3+ 43. Qxc3 Nxc3 44. Kd2 Ne4+ 45. Ke3 Nxg5 46. h4 Nf7 47. Kf4 Kc7 48. Kg4 Kd6 49. h5 gxh5+ 50. Kxh5 a5 0-1